| 000 | 00657nam a2200217Ia 4500 | ||
|---|---|---|---|
| 003 | IIN | ||
| 005 | 20250526130128.0 | ||
| 008 | 250526s2023 xx ad 001 0 eng d | ||
| 020 |
_cRs.695.00 _a9789392242373 |
||
| 040 |
_aIIN _bEnglish |
||
| 082 |
_a615.1 _bMAT |
||
| 100 | 1 | _aMatreja, Prithpal Singh | |
| 245 | 1 |
_aTextbook of Pharmacology _b for BSc Nurses Students (Semester - III & IV)/ _cPrithpal Singh Matreja, Davinder Kaur & Gurleen Kaur |
|
| 260 |
_aPunjab _bVHS _c2023 |
||
| 300 |
_axv, 384 p. _bcol. ill. |
||
| 500 | _aIncludes Index | ||
| 650 | 1 | _aPharmacology | |
| 700 | _aKaur, Davinder | ||
| 700 | _aKaur, Gurleen | ||
| 942 | _cBOOK | ||
| 999 |
_c1845 _d1845 |
||